| 000 | 00556nam a2200169 a 4500 | ||
|---|---|---|---|
| 001 | 000043024 | ||
| 005 | 20201002040600.0 | ||
| 008 | 140217s2010 nyua 000 0 spa d | ||
| 020 | _a9780446581219 | ||
| 040 |
_aDO-SdBNP _bspa _cBNPHU |
||
| 082 |
_axxx _bxxx |
||
| 100 | 1 |
_aCahill, Kevin _970545 |
|
| 245 | 1 | 0 |
_aWho owns the world : _bthe surprising truth about every piece of land on the planet / _cKevin Cahill with Rob McMahon. |
| 260 |
_aNew York : _bGrand Central Pub, _c2010. |
||
| 300 |
_axii, 369 p. : _bil. ; _c23 cm. |
||
| 700 | 1 | 2 |
_aMcMahon, Rob _970546 |
| 999 |
_c42513 _d42513 |
||